Handbook of perception : (Record no. 30337)
[ view plain ]
| 000 -LEADER | |
|---|---|
| fixed length control field | 00892nam a2200277 a 4500 |
| 001 - CONTROL NUMBER | |
| control field | 30337 |
| 003 - CONTROL NUMBER IDENTIFIER | |
| rucl marc code | BD-RjUL |
| 005 - DATE AND TIME OF LATEST TRANSACTION | |
| control field | 20211209051540.0 |
| 008 - FIXED-LENGTH DATA ELEMENTS--GENERAL INFORMATION | |
| fixed length control field | 140409s1974 nyu p 001 0 eng d |
| 020 ## - INTERNATIONAL STANDARD BOOK NUMBER | |
| International Standard Book Number | 0121619028 |
| 035 ## - SYSTEM CONTROL NUMBER | |
| System control number | (BD-RjUL)30422 |
| 040 ## - CATALOGING SOURCE | |
| Original cataloging agency | DLC |
| Language of cataloging | eng |
| Transcribing agency | DLC |
| Modifying agency | BD-RjUL |
| 041 ## - LANGUAGE CODE | |
| Language code of text/sound track or separate title | eng |
| 082 00 - DEWEY DECIMAL CLASSIFICATION NUMBER | |
| Classification number | 153.46 |
| Author mark and year | HAN V-2 1974 |
| 245 00 - TITLE STATEMENT | |
| Title | Handbook of perception : |
| Remainder of title | Psychophysical judgment and measurement |
| Statement of responsibility, etc. | edited by Edward C. Carterette and Morton P. Friedman |
| 260 ## - PUBLICATION, DISTRIBUTION, ETC. (IMPRINT) | |
| Place of publication, distribution, etc. | New York ; |
| -- | London : |
| Name of publisher, distributor, etc. | Academic Press, |
| Date of publication, distribution, etc. | c1974. |
| 300 ## - PHYSICAL DESCRIPTION | |
| Pagination | V. : |
| Illustrations | ill. ; |
| Size | 24 cm. |
| 504 ## - BIBLIOGRAPHY, ETC. NOTE | |
| Bibliography, etc | Includes bibliographical references and index. |
| 505 0# - FORMATTED CONTENTS NOTE | |
| Formatted contents note | Vol. 2 -- |
| 650 #0 - SUBJECT ADDED ENTRY--TOPICAL TERM | |
| Topical term or geographic name as entry element | Psychophysiology |
| 9 (RLIN) | 92224 |
| Topical term or geographic name as entry element | Psychometrics |
| 9 (RLIN) | 92225 |
| Topical term or geographic name as entry element | Judgment |
| 9 (RLIN) | 92226 |
| 700 1# - ADDED ENTRY--PERSONAL NAME | |
| Personal name | Carterette, Edward C. |
| Fuller form of name | (Edward Calvin) |
| Personal name | Friedman, Morton P. |
| 942 ## - ADDED ENTRY ELEMENTS (KOHA) | |
| Source of classification or shelving scheme | Dewey Decimal Classification |
| Koha item type | Books |
| Lost status | Source of classification or shelving scheme | Damaged status | Not for loan | Collection code | Permanent Location | Current Location | Shelving location | Date acquired | Source of acquisition | Cost, normal purchase price | Total Checkouts | Full call number | Date last seen | Copy number | Koha item type |
|---|---|---|---|---|---|---|---|---|---|---|---|---|---|---|---|
| Dewey Decimal Classification | Not For Loan | Non-fiction | Central Library, University of Rajshahi | Central Library, University of Rajshahi | Reading Room | 19/10/1979 | W. Heffers and Sons | 20.95 | 153.46 HAN V-2 1974 | 09/04/2014 | C-1 | Books | |||
| Dewey Decimal Classification | Non-fiction | Central Library, University of Rajshahi | Central Library, University of Rajshahi | 12/02/1981 | Heffer & Sons | 20.95 | 153.46 HAN V-2 1974 | 12/04/2014 | C-3 | Books | |||||
| Dewey Decimal Classification | Non-fiction | Central Library, University of Rajshahi | Central Library, University of Rajshahi | 19/10/1979 | Helfer | 20.95 | 153.46 HAN V-2 1974 | 13/11/2016 | C-2 | Books | |||||
| Dewey Decimal Classification | Not For Loan | Non-fiction | Central Library, University of Rajshahi | Central Library, University of Rajshahi | Reading Room | 19/10/1979 | Heffers & Sons | 20.95 | 153.46 HAN V-3 1974 | 28/08/2025 | C-1 | Books |